Logo BPK

Biblioteka

Politechniki Koszalińskiej

Dochodząc do TAK : (Rekord nr 24721)

Szczegóły MARC
000 -ETYKIETA REKORDU
podpole kontrolne o stałej długości 00991nam a2200265 i 4500
001 - NUMER KONTROLNY REKORDU
pole kontrolne bg
020 ## - MIĘDZYNARODOWY ZNORMALIZOWANY NUMER KSIĄŻKI - ISBN
ISBN 832080955X
040 ## - ŹRÓDŁO KATALOGOWANIA
Instytucja, która utworzyła rekord BPK
041 1# - KOD JĘZYKA
Kod języka tekstu pol
Kod języka oryginału eng
080 ## - UNIWERSALNA KLASYFIKACJA DZIESIĘTNA - UKD
UKD 65.011
920 ## - Międzynarodowy znormalizowany numer książki – ISBN
ISBN 83-208-0955-X
008 - POLE O STAŁEJ DŁUGOŚCI - DANE KONTROLNE
podpole kontrolne o stałej długości s pl f |000 0 pol
100 1# - NAZWA OSOBOWA
Nazwa osobowa Fisher, Roger
Daty związane z nazwą (1922- ).
245 10 - TYTUŁ/ODPOWIEDZIALNOŚĆ
Tytuł Dochodząc do TAK :
Ciąg dalszy tytułu negocjowanie bez poddawania się /
Pozostałe elementy strefy tytułu i oznaczenia odpowiedzialności Roger Fisher, William Ury, Bruce Patton ; przeł. [z ang.] i przedmową opatrzył Robert A[rtur] Rządca.
246 ## - WARIANT TYTUŁU
Treść wyrażenia wprowadzającego Tyt. oryg.:
Tytuł Getting to yes : negotiating agreement without giving in
250 ## - STREFA WYDANIA
Oznaczenie wydania Wyd. 2 rozsz.
260 ## - STREFA ADRESU WYDAWNICZEGO
Miejsce wydania Warszawa :
Nazwa wydawcy/dystrybutora Państ. Wydaw. Ekonomiczne,
Data publikacji, dystrybucji/powstania dokumentu 1996.
300 ## - STREFA OPISU FIZYCZNEGO
Objętość 255, [1] s. ;
Rozmiary 20 cm.
500 ## - UWAGI OGÓLNE
Tekst uwagi Oryg. : "Getting to yes : negotiating agreement without giving in" 1981. - Wyd. poprz. pod hasłem : Fisher Roger, Ury William.
650 #9 - HASŁO PRZEDMIOTOWE W FORMIE NAZWY OGÓLNEJ LUB JEDNOSTKOWEJ
Nazwa ogólna lub geograficzna Negocjacje
700 1# - HASŁO DODATKOWE - NAZWA OSOBOWA
Nazwa osobowa Ury, William
Daty związane z nazwą (1953- ).
700 1# - HASŁO DODATKOWE - NAZWA OSOBOWA
Nazwa osobowa Patton, Bruce.
700 1# - HASŁO DODATKOWE - NAZWA OSOBOWA
Nazwa osobowa Rządca, Robert Artur.
Określenie związku między hasłem a opisywanym materiałem Tł.
856 ## - LOKALIZACJA I DOSTĘP DO ELEKTRONICZNYCH DOKUMENTÓW ZDALNYCH
Link (URL) http://koha.tu.koszalin.pl/cgi-bin/koha/opac-detail.pl?biblionumber=24721
Tekst linku Katalog online BPK
942 ## - DODATKOWE ELEMENTY (KOHA)
Typ dokumentu Książka
Egzemplarze
Wycofany Status egzemplarza Uszkodzony Dostępność Lokalizacja stała Lokalizacja bieżąca Miejsce przechowywania Sygnatura Kod kreskowy Typ dokumentu
      Dostępny Biblioteka Politechniki Koszalińskiej Biblioteka Politechniki Koszalińskiej Wypożyczalnia BG P 51339 01880304 Książka
      Dostępny Biblioteka Politechniki Koszalińskiej Biblioteka Politechniki Koszalińskiej Wypożyczalnia BG P 51340 01880311 Książka
      Dostępny Biblioteka Politechniki Koszalińskiej Biblioteka Politechniki Koszalińskiej Wypożyczalnia BG P 51341 01514209 Książka
      Dostępny Biblioteka Politechniki Koszalińskiej Biblioteka Politechniki Koszalińskiej Wypożyczalnia BG P 51342 01514216 Książka
      Dostępny Biblioteka Politechniki Koszalińskiej Biblioteka Politechniki Koszalińskiej Wypożyczalnia BG P 51343 01514223 Książka
© 2023 Biblioteka Politechniki Koszalińskiej :: KOHA